System Requirments Analysis (Record no. 23535)
[ view plain ]
| 000 -LEADER | |
|---|---|
| fixed length control field | 00452nam a22001697a 4500 |
| 003 - CONTROL NUMBER IDENTIFIER | |
| control field | NUST |
| 008 - FIXED-LENGTH DATA ELEMENTS--GENERAL INFORMATION | |
| fixed length control field | 131217b xxu||||| |||| 00| 0 eng d |
| 020 ## - INTERNATIONAL STANDARD BOOK NUMBER | |
| International Standard Book Number | 13:9780120885145 |
| Terms of availability | Available |
| 038 ## - RECORD CONTENT LICENSOR | |
| Staff Name | Nusrat Nadeem |
| 050 ## - LIBRARY OF CONGRESS CALL NUMBER | |
| Item number | 002506 |
| 082 ## - DEWEY DECIMAL CLASSIFICATION NUMBER | |
| Classification number | 620.001GRA |
| 100 ## - MAIN ENTRY--PERSONAL NAME | |
| Miscellaneous information | p.cm. 455p |
| Personal name | Jeffrey O |
| 9 (RLIN) | 21528 |
| 245 ## - TITLE STATEMENT | |
| Title | System Requirments Analysis |
| Statement of responsibility, etc. | Garad Jeffrey O |
| 260 ## - PUBLICATION, DISTRIBUTION, ETC. | |
| Place of publication, distribution, etc. | UK |
| Name of publisher, distributor, etc. | Elsveir |
| Date of publication, distribution, etc. | 2006 |
| 538 ## - SYSTEM DETAILS NOTE | |
| Display text | Supercomputing Lab |
| 942 ## - ADDED ENTRY ELEMENTS (KOHA) | |
| Source of classification or shelving scheme | |
| Koha item type | Book |
| Withdrawn status | Lost status | Source of classification or shelving scheme | Damaged status | Not for loan | Permanent Location | Current Location | Shelving location | Date acquired | Total Checkouts | Full call number | Barcode | Date last seen | Price effective from | Koha item type |
|---|---|---|---|---|---|---|---|---|---|---|---|---|---|---|
| School of Interdisciplinary Engineering and Sciences (SINES) | School of Interdisciplinary Engineering and Sciences (SINES) | General Stacks | 12/17/2013 | 620.001GRA | RCMS002506 | 12/17/2013 | 12/17/2013 | Book |
